|
|
|
|
| LEADER |
00000nam0a2200000 4500 |
| 001 |
216692 |
| 005 |
20231101230046.0 |
| 010 |
|
|
|a 0701172967
|
| 035 |
|
|
|a (RuTPU)RU\TPU\book\236665
|
| 090 |
|
|
|a 216692
|
| 100 |
|
|
|a 20120528d2003 m y0engy50 ba
|
| 101 |
0 |
|
|a eng
|
| 102 |
|
|
|a GB
|
| 105 |
|
|
|a y z 000ay
|
| 200 |
1 |
|
|a The Colour
|f R. Tremain
|
| 210 |
|
|
|a London
|c Chatto & Windus
|d 2003
|
| 215 |
|
|
|a 368 p.
|
| 330 |
|
|
|a Joseph and Harriet Blackstone emigrate from Norfolk to New Zealand in search of new beginnings and prosperity. But the harsh land near Christchurch where they settle threatens to destroy them almost before they begin. When Joseph finds gold in the creek he is seized by an obsession with the voluptuous riches awaiting him deep in the earth
|
| 606 |
1 |
|
|a Английский язык
|x Учебные руководства и пособия
|x Хрестоматии, книги для чтения
|2 stltpush
|3 (RuTPU)RU\TPU\subj\29075
|9 52487
|
| 610 |
1 |
|
|a английская литература
|
| 610 |
1 |
|
|a любовь
|
| 610 |
1 |
|
|a семья
|
| 610 |
1 |
|
|a любовь
|
| 610 |
1 |
|
|a романы
|
| 686 |
|
|
|a Ш143.21-923.8
|v LBC/SL-A
|2 rubbk
|
| 700 |
|
1 |
|a Tremain
|b R.
|g Rose
|
| 801 |
|
1 |
|a RU
|b 63413507
|c 20120528
|
| 801 |
|
2 |
|a RU
|b 63413507
|c 20120601
|g RCR
|
| 942 |
|
|
|c BK
|